Sức mạnh của sự đổi mới quản lý = The power of management innovation : 24 bí quyết nhằm duy trì và tăng tốc phát triển doanh nghiệp cùng lợi nhuận
Nội dung tài liệu giới thiệu 24 bí quyết về sự đổi mới trong quản lí nhằm duy trì và tăng tốc phát triển doanh nghiệp cùng lợi nhuận
Αποθηκεύτηκε σε:
| Κύριος συγγραφέας: | |
|---|---|
| Άλλοι συγγραφείς: | , , |
| Μορφή: | Βιβλίο |
| Γλώσσα: | Vietnamese |
| Έκδοση: |
Tp. Hồ Chí Minh
Tổng hợp
2009
|
| Ετικέτες: |
Προσθήκη ετικέτας
Δεν υπάρχουν, Καταχωρήστε ετικέτα πρώτοι!
|
| Thư viện lưu trữ: | Thư viện Trường Đại học Nam Cần Thơ |
|---|
| LEADER | 01884aam a22002658a 4500 | ||
|---|---|---|---|
| 001 | NCT_7818 | ||
| 008 | 091014s2009 ||||||viesd | ||
| 999 | |c 396 |d 396 | ||
| 020 | |c 30000 | ||
| 082 | 0 | 4 | |2 23rd ed. |a 658.4 |b F297 |
| 100 | 1 | |a Feigenbaum, Armand V. | |
| 245 | 1 | 0 | |a Sức mạnh của sự đổi mới quản lý = |b The power of management innovation : 24 bí quyết nhằm duy trì và tăng tốc phát triển doanh nghiệp cùng lợi nhuận |c Armand V. Feigenbaum, Donald S. Feigenbaum ; Dịch: Hoàng Sơn, Thanh Lý |
| 260 | |a Tp. Hồ Chí Minh |b Tổng hợp |c 2009 | ||
| 300 | |a 101tr. |c 21cm | ||
| 520 | 3 | |a Nội dung tài liệu giới thiệu 24 bí quyết về sự đổi mới trong quản lí nhằm duy trì và tăng tốc phát triển doanh nghiệp cùng lợi nhuận | |
| 700 | 0 | |a Thanh Lý |e dịch | |
| 700 | 1 | |a Feigenbaum, Donald S. | |
| 700 | 1 | |a Hoàng Sơn |e dịch | |
| 942 | |2 ddc |c BK | ||
| 952 | |0 0 |1 0 |2 ddc |4 0 |6 658_400000000000000_F297 |7 0 |9 16294 |a 000001 |b 000001 |d 2019-03-16 |l 2 |o 658.4 F297 |p MD.14959 |r 2021-04-13 |s 2021-03-30 |v 30000.00 |w 2019-03-16 |y BK | ||
| 952 | |0 0 |1 0 |2 ddc |4 0 |6 658_400000000000000_F297 |7 0 |9 16295 |a 000001 |b 000001 |d 2019-03-16 |o 658.4 F297 |p MD.14960 |r 2019-03-16 |v 30000.00 |w 2019-03-16 |y BK | ||
| 952 | |0 0 |1 0 |2 ddc |4 0 |6 658_400000000000000_F297 |7 0 |9 16296 |a 000001 |b 000001 |d 2019-03-16 |l 1 |o 658.4 F297 |p MD.14961 |r 2020-03-26 |s 2020-03-19 |v 30000.00 |w 2019-03-16 |y BK | ||
| 952 | |0 0 |1 0 |2 ddc |4 0 |6 658_400000000000000_F297 |7 0 |9 16297 |a 000001 |b 000001 |d 2019-03-16 |o 658.4 F297 |p MD.14962 |r 2019-03-16 |v 30000.00 |w 2019-03-16 |y BK | ||
| 952 | |0 0 |1 0 |2 ddc |4 0 |6 658_400000000000000_F297 |7 0 |9 16298 |a 000001 |b 000001 |d 2019-03-16 |l 2 |o 658.4 F297 |p MD.14963 |q 2020-07-14 |r 2020-06-30 |s 2020-06-30 |v 30000.00 |w 2019-03-16 |y BK | ||
| 980 | |a Thư viện Trường Đại học Nam Cần Thơ | ||